| 000 | 00487nam a2200181Ia 4500 | ||
|---|---|---|---|
| 001 | 16457 | ||
| 005 | 20260306170311.0 | ||
| 008 | 260306t2018||||xx |||||||||||||| ||und|| | ||
| 041 | _aESP | ||
| 082 |
_a348.6 _bF82 |
||
| 100 |
_aFranco Garcìa, Dévora Katheryn _eAUT |
||
| 245 | 0 | _aEstabilidad laboral reforzada. La maternidad y la discapacidad ante el derecho | |
| 260 | _c2018 | ||
| 300 |
_a89 páginas : _c21 cm. |
||
| 650 | _aGEN | ||
| 654 | _aCDE | ||
| 942 |
_cLIB _dJUS _fJUS _2ddc _n |
||
| 999 |
_c16457 _d16457 |
||